[Event "Russian Championship B15 1st league 2016"]
[Site "Loo"]
[Date "2016.04.20"]
[Round "1.29"]
[White "Hein, Vladimir"]
[Black "Shilo, Kirill"]
[Result "1/2-1/2"]
[WhiteElo "1866"]
[BlackElo "1586"]
[PlyCount "127"]
[EventDate "2016.04.20"]

1. d4 d6 2. e4 Nf6 3. f3 e5 4. Be3 Be7 5. d5 O-O 6. Bd3 c6 7. c4 Nbd7 8. Nc3
Re8 9. Nge2 Qc7 10. O-O a5 11. a3 Nc5 12. Bc2 Bf8 13. Rb1 g6 14. b4 Ncd7 15.
Bd3 Nh5 16. Qc2 h6 17. Rbc1 g5 18. Na4 c5 19. bxc5 Nxc5 20. Nxc5 dxc5 21. g3
Kh7 22. g4 Nf4 23. Nxf4 gxf4 24. Bd2 Kh8 25. Be1 Be7 26. Kh1 Rg8 27. Rg1 Qd8
28. Qf2 b6 29. h4 Bd7 30. Qh2 Rg7 31. Bc3 Bf6 32. Rg2 Qc7 33. Rcc2 Kg8 34. Kg1
Qd6 35. Kf1 Ra7 36. h5 Qe7 37. Rb2 Ra6 38. Qg1 Qd6 39. Qf2 Kf8 40. Rb1 Qc7 41.
Qb2 Ke7 42. Bc2 Rg8 43. Qc1 Rb8 44. Qd1 Kd6 45. Ba4 Bxa4 46. Qxa4 Qd7 47. Qxd7+
Kxd7 48. a4 Kd6 49. Rgb2 Kc7 50. Rb5 Raa8 51. d6+ Kc6 52. Bxa5 Bd8 53. Bc3 f6
54. a5 Kxd6 55. axb6 Kc6 56. Ba5 Rb7 57. Ke2 Rab8 58. Rd1 Bxb6 59. Bc3 Bc7 60.
Rxb7 Rxb7 61. Rd2 Rb3 62. Rc2 Ra3 63. Kd2 Ra4 64. Kd3 1/2-1/2

[Event "Russian Championship B15 1st league 2016"]
[Site "Loo"]
[Date "2016.04.20"]
[Round "1.30"]
[White "Klimashkin, Igor"]
[Black "Tambovtsev, Daniil"]
[Result "1/2-1/2"]
[WhiteElo "1584"]
[BlackElo "1864"]
[PlyCount "80"]
[EventDate "2016.04.20"]

1. e4 e6 2. d4 d5 3. exd5 exd5 4. Nf3 Nc6 5. h3 Bd6 6. Bd3 Nge7 7. O-O O-O 8.
c3 Bf5 9. Re1 Qd7 10. Be3 Rfe8 11. Qc2 a6 12. Nbd2 Bxd3 13. Qxd3 Qf5 14. Qxf5
Nxf5 15. Nf1 a5 16. Bd2 a4 17. Ne3 Nxe3 18. Rxe3 Rxe3 19. Bxe3 Na5 20. Nd2 h6
21. Kf1 b5 22. b4 Nc6 23. a3 Re8 24. Nf3 Nb8 25. Re1 Nd7 26. Bc1 Kf8 27. Rxe8+
Kxe8 28. Ke2 Nb6 29. h4 f6 30. g3 Kf7 31. Nh2 f5 32. Nf3 Kf6 33. Kf1 c6 34. Kg2
Bc7 35. Ne1 Nc4 36. Nd3 g5 37. hxg5+ hxg5 38. f3 Bd6 39. Kf2 Bc7 40. Kg2 Bd6
1/2-1/2

[Event "Russian Championship B15 1st league 2016"]
[Site "Loo"]
[Date "2016.04.20"]
[Round "1.31"]
[White "Tyurin, Ilya"]
[Black "Tsopanov, Mikhail"]
[Result "1-0"]
[WhiteElo "1860"]
[BlackElo "1572"]
[PlyCount "99"]
[EventDate "2016.04.20"]

1. Nf3 d5 2. c4 c6 3. e3 Nf6 4. Nc3 e6 5. b3 Be7 6. Qc2 O-O 7. Bb2 Nbd7 8. d4
b6 9. Be2 Bb7 10. O-O Qc7 11. e4 dxe4 12. Nxe4 c5 13. Ng3 Rfd8 14. Rfd1 cxd4
15. Nxd4 a6 16. Bf3 Bxf3 17. Nxf3 Nc5 18. b4 Ncd7 19. a3 Rac8 20. Rac1 Ne8 21.
Ne4 Ndf6 22. Rxd8 Rxd8 23. Ne5 Nxe4 24. Qxe4 Bf6 25. f4 Nd6 26. Qe2 Nf5 27. c5
bxc5 28. Rxc5 Qb6 29. Nc4 Bd4+ 30. Bxd4 Nxd4 31. Nxb6 Nxe2+ 32. Kf2 Nxf4 33.
Ra5 Nd3+ 34. Ke3 g6 35. Rxa6 Ne5 36. Ke4 Nd7 37. Nxd7 Rxd7 38. Ra8+ Kg7 39. b5
Rb7 40. a4 Kf6 41. Kd4 Ke7 42. Kc5 Rc7+ 43. Kb4 Kd6 44. Rd8+ Ke7 45. Rd2 Rd7
46. Rc2 Kd8 47. b6 Rb7 48. Kb5 Rb8 49. a5 Kd7 50. a6 1-0

[Event "Russian Championship B15 1st league 2016"]
[Site "Loo"]
[Date "2016.04.20"]
[Round "1.32"]
[White "Gozgeshev, Eldar"]
[Black "Medvedev, Semen"]
[Result "1/2-1/2"]
[WhiteElo "1567"]
[BlackElo "1856"]
[PlyCount "90"]
[EventDate "2016.04.20"]

1. c4 Nf6 2. Nc3 g6 3. Nf3 Bg7 4. g3 O-O 5. Bg2 d6 6. O-O e5 7. d3 Nc6 8. Bg5
h6 9. Bxf6 Bxf6 10. Rb1 a5 11. a3 Ne7 12. e4 Bg7 13. Nd5 c6 14. Nxe7+ Qxe7 15.
b4 axb4 16. axb4 Be6 17. Qb3 f5 18. b5 f4 19. h3 Qd7 20. Kh2 g5 21. bxc6 bxc6
22. Qb7 Ra3 23. Rfd1 Bf6 24. Ne1 Ra2 25. f3 Bxh3 26. Qxd7 Bxd7 27. g4 Bd8 28.
d4 Be6 29. d5 cxd5 30. cxd5 Bc8 31. Rdc1 Ba5 32. Rc6 Bxe1 33. Rxe1 Bxg4 34. Kg1
Bh5 35. Rxd6 Kg7 36. Rc1 Rf7 37. Re6 g4 38. Rf1 gxf3 39. Bxf3 Bxf3 40. Rxf3 Rb7
41. Rf2 Rb1+ 42. Kg2 Ra3 43. Kh2 Rbb3 44. Rg2+ Kf7 45. Rxh6 Re3 1/2-1/2

[Event "Russian Championship B15 1st league 2016"]
[Site "Loo"]
[Date "2016.04.20"]
[Round "1.33"]
[White "Asatryan, Gor"]
[Black "Shushakov, Andrey"]
[Result "1-0"]
[WhiteElo "1853"]
[BlackElo "1550"]
[PlyCount "65"]
[EventDate "2016.04.20"]

1. e4 d5 2. exd5 Qxd5 3. Nc3 Qa5 4. Bc4 Nf6 5. Nf3 Bf5 6. d3 c6 7. O-O e6 8.
Bf4 Nd5 9. Nxd5 cxd5 10. Bb3 Be7 11. Be5 O-O 12. Nd4 Bg6 13. Qg4 Nc6 14. Nxc6
bxc6 15. h4 h5 16. Qg3 Qd8 17. Ba4 Bxh4 18. Qe3 Qd7 19. Qd4 f6 20. Qxh4 fxe5
21. Qg3 Bf5 22. Qxe5 Rac8 23. Rae1 Rf6 24. Re3 h4 25. Qd4 Rh6 26. f3 Qd6 27.
Qe5 Qxe5 28. Rxe5 c5 29. Rfe1 Rf8 30. c4 Rff6 31. cxd5 exd5 32. Bb3 Re6 33.
Bxd5 1-0

[Event "Russian Championship B15 1st league 2016"]
[Site "Loo"]
[Date "2016.04.20"]
[Round "1.34"]
[White "Dyashkin, Dmitry"]
[Black "Sanarov, Leonid"]
[Result "0-1"]
[WhiteElo "1531"]
[BlackElo "1849"]
[PlyCount "124"]
[EventDate "2016.04.20"]

1. e4 c6 2. d4 d5 3. e5 Bf5 4. h4 h5 5. Bd3 Bxd3 6. Qxd3 e6 7. Bd2 Ne7 8. Nc3
Nf5 9. Nf3 Be7 10. g3 O-O 11. O-O-O c5 12. Ne2 c4 13. Qc3 Nc6 14. Ng5 b5 15.
Qf3 g6 16. c3 b4 17. Nf4 bxc3 18. Bxc3 Rb8 19. Nxh5 Bxg5+ 20. hxg5 Qxg5+ 21.
Qf4 Qxf4+ 22. Nxf4 Kg7 23. g4 Nfe7 24. Nh3 Rh8 25. Ng5 Rbe8 26. Kc2 Nc8 27. a3
a6 28. f4 N8a7 29. a4 Nc8 30. Rdg1 N8e7 31. f5 exf5 32. Rxh8 Rxh8 33. e6 Rh2+
34. Kb1 f6 35. Nf7 Re2 36. gxf5 Nxf5 37. Re1 Rxe1+ 38. Bxe1 Nfxd4 39. Nd8 Kf8
40. Bc3 Ke7 41. Nb7 Nxe6 42. Kc1 f5 43. Kd1 g5 44. Ke1 f4 45. Kf1 g4 46. Kg2
Kd7 47. Na5 Nxa5 48. Bxa5 Kd6 49. Bb4+ Ke5 50. Be7 Ke4 51. Bf6 d4 52. Kf2 g3+
53. Kg2 Ke3 54. Be5 d3 55. Bc3 d2 56. Bxd2+ Kxd2 57. b4 cxb3 58. a5 b2 59. Kf3
b1=Q 60. Kg2 Ke2 61. Kh3 Kf3 62. Kh4 Qh1# 0-1

[Event "Russian Championship B15 1st league 2016"]
[Site "Loo"]
[Date "2016.04.20"]
[Round "1.35"]
[White "Kumargaliev, Marsel"]
[Black "Volchkov, Ivan"]
[Result "1-0"]
[WhiteElo "1838"]
[BlackElo "1504"]
[PlyCount "79"]
[EventDate "2016.04.20"]

1. e4 c5 2. Nc3 Nc6 3. g3 g6 4. Bg2 Bg7 5. d3 Nf6 6. f4 d6 7. Nf3 O-O 8. O-O
Bd7 9. h3 Nh5 10. Kh2 f5 11. exf5 gxf5 12. Ng5 Qe8 13. Re1 Qg6 14. Bf3 Be8 15.
g4 fxg4 16. Be4 g3+ 17. Kg2 Qh6 18. Ne6 Nxf4+ 19. Bxf4 Rxf4 20. Nxf4 Qxf4 21.
Rf1 Qh4 22. Qg4 Qxg4 23. hxg4 Be5 24. Nd5 Bd7 25. Nc7 Rf8 26. Bxh7+ Kg7 27.
Rxf8 Kxf8 28. Bf5 Bxf5 29. gxf5 Nd4 30. Ne6+ Nxe6 31. fxe6 Ke8 32. c3 Kd8 33.
Rd1 d5 34. Re1 Bd6 35. Rf1 b6 36. Rf5 d4 37. cxd4 cxd4 38. Rd5 Kc8 39. Rxd4 Kb7
40. Rxd6 1-0

[Event "Russian Championship B15 1st league 2016"]
[Site "Loo"]
[Date "2016.04.20"]
[Round "1.36"]
[White "Greshtakyan, Ashot"]
[Black "Gagarin, Vasily"]
[Result "0-1"]
[WhiteElo "1489"]
[BlackElo "1831"]
[PlyCount "80"]
[EventDate "2016.04.20"]

1. e4 e6 2. d4 d5 3. exd5 exd5 4. Nf3 Bd6 5. b3 Ne7 6. Bb2 O-O 7. Nbd2 Re8 8.
Be2 Nf5 9. O-O c6 10. c4 b6 11. cxd5 cxd5 12. Rc1 Ba6 13. Re1 Bxe2 14. Rxe2 Nd7
15. Ne5 Nxd4 16. Bxd4 Bxe5 17. Bxe5 Nxe5 18. Qf1 Qd7 19. Rc3 Qb5 20. Rce3 d4
21. Re4 f5 22. a4 Qd5 23. Rf4 Ng6 24. Rf3 Qd7 25. Rxe8+ Rxe8 26. Qc4+ Kh8 27.
Rh3 Nf4 28. Nf3 Nxh3+ 29. gxh3 d3 30. Ng5 h6 31. Nf3 d2 32. Nxd2 Qxd2 33. Qf7
Rg8 34. Qe6 Qd1+ 35. Kg2 Rd8 36. Qe7 a5 37. b4 f4 38. h4 f3+ 39. Kh3 Qd7+ 40.
Qxd7 Rxd7 0-1

[Event "Russian Championship B15 1st league 2016"]
[Site "Loo"]
[Date "2016.04.20"]
[Round "1.37"]
[White "Lipilin, Ilia"]
[Black "Shilov, Victor"]
[Result "1-0"]
[WhiteElo "1827"]
[BlackElo "1485"]
[PlyCount "73"]
[EventDate "2016.04.20"]

1. d4 Nf6 2. c4 g6 3. f3 Bg7 4. e4 d6 5. Nc3 O-O 6. Bg5 e5 7. dxe5 dxe5 8. Qxd8
Rxd8 9. Nd5 Rxd5 10. cxd5 c6 11. Rc1 Bd7 12. dxc6 Nxc6 13. Bc4 h6 14. Be3 Nh5
15. Ne2 Rd8 16. Rd1 Nf6 17. Kf2 a6 18. Bb6 Rc8 19. Bb3 Be8 20. Rd2 Nd7 21. Be3
Bf8 22. Rc1 Kg7 23. a3 Kg8 24. Ba4 b5 25. Bb3 Ndb8 26. Rdc2 Bd7 27. Bd5 Kg7 28.
b4 Be7 29. g3 f6 30. f4 h5 31. Bb6 Kf8 32. Ke3 Kg7 33. Ng1 Kf8 34. Nf3 Kg7 35.
h4 Kf8 36. fxe5 fxe5 37. Nxe5 1-0

[Event "Russian Championship B15 1st league 2016"]
[Site "Loo"]
[Date "2016.04.20"]
[Round "1.38"]
[White "Fokeev, Boris"]
[Black "Glukhov, Dmitriy"]
[Result "1/2-1/2"]
[WhiteElo "1478"]
[BlackElo "1824"]
[PlyCount "132"]
[EventDate "2016.04.20"]

1. e4 c5 2. c4 Nc6 3. Nc3 d6 4. g3 e6 5. Bg2 Nge7 6. Nge2 g6 7. O-O Bg7 8. d3
O-O 9. Be3 a6 10. Qd2 Nd4 11. Bh6 Nec6 12. Bxg7 Kxg7 13. f4 Rb8 14. g4 f5 15.
exf5 exf5 16. g5 Be6 17. Rae1 Re8 18. Nxd4 Nxd4 19. Bd5 Qa5 20. Bxe6 Nxe6 21.
Rf3 Nd4 22. Rfe3 Rxe3 23. Qxe3 Qc7 24. Nd5 Qf7 25. Qh3 Re8 26. Rxe8 Qxe8 27.
Qxh7+ Kxh7 28. Nf6+ Kh8 29. Nxe8 Ne2+ 30. Kf2 Nxf4 31. Ke3 Nh3 32. Nxd6 b6 33.
Nc8 Nxg5 34. Nxb6 Ne6 35. Na4 Kg7 36. b4 cxb4 37. d4 Kf7 38. d5 Nd8 39. c5 Ke7
40. h4 Kd7 41. Kf4 Nf7 42. Nb2 a5 43. Nc4 Kc7 44. Nxa5 Nd8 45. Nc4 Nb7 46. c6
Nc5 47. Ke5 Nd3+ 48. Ke6 f4 49. Nd6 f3 50. Nb5+ Kb6 51. c7 f2 52. c8=Q f1=Q 53.
Qc6+ Ka5 54. Nd6 Qe1+ 55. Kf6 Qxh4+ 56. Kg7 Qe7+ 57. Nf7 Ne5 58. Qe6 Qxe6 59.
dxe6 Nc6 60. Ne5 Ne7 61. Nxg6 Nc8 62. Kf8 Ka4 63. Ne7 Nd6 64. Nd5 b3 65. axb3+
Kxb3 66. Ke7 Nf5+ 1/2-1/2

[Event "Russian Championship B15 1st league 2016"]
[Site "Loo"]
[Date "2016.04.20"]
[Round "1.39"]
[White "Novikov, Aleksey"]
[Black "Klyus, Nikita"]
[Result "1-0"]
[WhiteElo "1823"]
[BlackElo "1474"]
[PlyCount "33"]
[EventDate "2016.04.20"]

1. e4 c5 2. Nf3 d6 3. d4 cxd4 4. Nxd4 Nf6 5. Nc3 a6 6. Bc4 e6 7. Bb3 Be7 8. f4
b5 9. e5 dxe5 10. fxe5 Nfd7 11. Bxe6 Nxe5 12. Bxc8 Qxc8 13. Nd5 Qb7 14. Nf5 Bf8
15. Bh6 Rg8 16. Bxg7 Rxg7 17. Nf6# 1-0

[Event "Russian Championship B15 1st league 2016"]
[Site "Loo"]
[Date "2016.04.20"]
[Round "1.40"]
[White "Konotop, Daniil"]
[Black "Bratchikov, Vladislav"]
[Result "0-1"]
[WhiteElo "1473"]
[BlackElo "1815"]
[PlyCount "200"]
[EventDate "2016.04.20"]

1. e4 c6 2. d4 d5 3. exd5 cxd5 4. Bd3 Nc6 5. c3 Qc7 6. h3 Nf6 7. Nf3 g6 8. O-O
Bf5 9. Bxf5 gxf5 10. Bg5 Bg7 11. Re1 O-O 12. Qd3 e6 13. Na3 a6 14. Re2 b5 15.
Nc2 Ne4 16. Rae1 Na5 17. Bc1 Rac8 18. Ng5 Nc4 19. Nxe4 fxe4 20. Qd1 f5 21. Ne3
Nxe3 22. Bxe3 f4 23. Bc1 Rf6 24. f3 e3 25. Bxe3 fxe3 26. Rxe3 Qf7 27. Qe2 Rc6
28. Kh1 Bh6 29. Rd3 Bf4 30. g4 Rh6 31. Kg2 Qf6 32. Rh1 Rg6 33. Rdd1 Rc8 34.
Rde1 Rf8 35. Ref1 Bg5 36. Qe1 Bh4 37. Qe3 Qf4 38. Qxf4 Rxf4 39. Rd1 Kf7 40.
Rhf1 Ke7 41. Rd3 Kd6 42. Re3 h5 43. Re5 Rg5 44. Rxg5 Bxg5 45. gxh5 Bh4 46. h6
Rf6 47. f4 Rxh6 48. Rf3 Rg6+ 49. Kh2 Ke7 50. f5 Rf6 51. Rf4 Bg5 52. Rg4 Rxf5
53. h4 Bf6 54. Kg3 Rh5 55. Rg8 Rh8 56. Rg4 Kf7 57. Kf3 Rxh4 58. Rg2 Rh3+ 59.
Ke2 Bh4 60. a3 Rh1 61. Kd3 Rf1 62. Ke2 Rb1 63. Kd3 a5 64. Rh2 Bg5 65. Kc2 Rf1
66. Rh7+ Ke8 67. Rb7 Rf2+ 68. Kb1 Bd8 69. Rxb5 Kd7 70. a4 Bc7 71. b4 Rf8 72.
bxa5 Rb8 73. a6 Rxb5+ 74. axb5 Kc8 75. Kb2 Bb6 76. Kb3 Kc7 77. Kb4 Kd6 78. Ka4
Kc7 79. Kb3 Ba7 80. Kb4 Kd6 81. Ka5 Kc7 82. Kb4 Kb6 83. Ka4 Bb8 84. Kb4 Bd6+
85. Ka4 e5 86. dxe5 Bxe5 87. Kb4 Bd6+ 88. Kb3 Bc5 89. Ka4 Kc7 90. Ka5 Bb6+ 91.
Kb4 Kd6 92. c4 d4 93. c5+ Bxc5+ 94. Kc4 Bb6 95. Kd3 Kc5 96. Ke4 Kxb5 97. Kd5 d3
98. Ke4 d2 99. Ke5 d1=Q 100. Ke4 Kxa6 0-1

[Event "Russian Championship B15 1st league 2016"]
[Site "Loo"]
[Date "2016.04.20"]
[Round "1.41"]
[White "Kiselev, Vladislav"]
[Black "Vashchenko, Lev"]
[Result "0-1"]
[WhiteElo "1803"]
[BlackElo "1469"]
[PlyCount "116"]
[EventDate "2016.04.20"]

1. e4 e6 2. d4 d5 3. e5 c5 4. c3 Nc6 5. Nf3 Bd7 6. a3 c4 7. Be2 f6 8. Be3 fxe5
9. Nxe5 Nf6 10. Nd2 Be7 11. Bh5+ g6 12. Be2 Qc7 13. f4 b5 14. O-O O-O 15. Qc2
Be8 16. g4 a5 17. Nxc6 Qxc6 18. f5 exf5 19. gxf5 gxf5 20. Bh6 Ng4 21. Bxg4 Qxh6
22. Bxf5 Bg6 23. Kh1 Bd6 24. Nxc4 bxc4 25. Qg2 Kh8 26. Bxg6 hxg6 27. Rg1 Rf6
28. Rae1 Raf8 29. Re2 Qh5 30. a4 Kh7 31. Rge1 Qf3 32. Re3 Qxg2+ 33. Kxg2 Rf2+
34. Kg1 Bxh2+ 35. Kh1 Bd6 36. Re6 R2f6 37. R6e3 Kg7 38. R1e2 Rf2 39. Re1 Rf1+
40. Rxf1 Rxf1+ 41. Kg2 Rf8 42. Re6 Rd8 43. Kf3 Kf7 44. Re1 Re8 45. Rh1 Kg7 46.
Rb1 Rb8 47. Kg4 Ba3 48. Ra1 Bxb2 49. Rb1 Rb3 50. Kf4 Bxc3 51. Rd1 Ra3 52. Ke5
Rxa4 53. Kxd5 Rb4 54. Kc5 Rb8 55. d5 Rd8 56. Kc6 Bb4 57. Rd4 c3 58. Kc7 Rd6 0-1

[Event "Russian Championship B15 1st league 2016"]
[Site "Loo"]
[Date "2016.04.20"]
[Round "1.42"]
[White "Titovich, Mihail"]
[Black "Safin, Timur"]
[Result "0-1"]
[WhiteElo "1466"]
[BlackElo "1802"]
[PlyCount "118"]
[EventDate "2016.04.20"]

1. d4 Nf6 2. c4 c5 3. e3 cxd4 4. exd4 d5 5. Nc3 Nc6 6. Nf3 Bg4 7. Be3 e6 8. a3
Bd6 9. cxd5 exd5 10. Be2 O-O 11. h3 Bh5 12. O-O Rc8 13. Bg5 Be7 14. Rc1 h6 15.
Bh4 Ne4 16. Bxe7 Nxe7 17. Nb1 Qb6 18. Rxc8 Rxc8 19. b3 Nc6 20. b4 Bxf3 21. Bxf3
Qxd4 22. Qxd4 Nxd4 23. Rd1 Nxf3+ 24. gxf3 Nc3 25. Nxc3 Rxc3 26. Kg2 Rxa3 27.
Rxd5 b6 28. Rd8+ Kh7 29. Rd7 Kg6 30. Rc7 Ra4 31. Kg3 Kf6 32. f4 Rxb4 33. Rxa7
Rb3+ 34. f3 b5 35. Ra6+ Kf5 36. Ra7 Kg6 37. Ra6+ f6 38. Ra7 h5 39. Rb7 Rb1 40.
Rb6 b4 41. Rb5 b3 42. Kh4 f5 43. Rb6+ Kh7 44. Kxh5 b2 45. Kh4 g6 46. Rb7+ Kg8
47. Rb8+ Kf7 48. Rb7+ Ke6 49. Rb6+ Kd5 50. Rxg6 Rh1 51. Rb6 b1=Q 52. Rxb1 Rxb1
53. Kg5 Ke6 54. h4 Rg1+ 55. Kh6 Kf6 56. h5 Rh1 57. Kh7 Rxh5+ 58. Kg8 Rh1 59.
Kf8 Rh8# 0-1

[Event "Russian Championship B15 1st league 2016"]
[Site "Loo"]
[Date "2016.04.20"]
[Round "1.43"]
[White "Grigoriants, Boris"]
[Black "Dolgirev, Lev"]
[Result "1/2-1/2"]
[WhiteElo "1801"]
[BlackElo "1448"]
[PlyCount "111"]
[EventDate "2016.04.20"]

1. Nf3 e6 2. c4 d5 3. e3 Nf6 4. Nc3 c6 5. b3 Bd6 6. Bb2 Nbd7 7. Qc2 O-O 8. Be2
Qe7 9. d4 h6 10. O-O a6 11. Rfd1 b5 12. cxd5 cxd5 13. Rac1 Bb7 14. Bd3 Rac8 15.
Qe2 Ba3 16. Nb1 Bxb2 17. Qxb2 Ne4 18. Nbd2 Ndf6 19. Ne5 Nd7 20. Nxd7 Qxd7 21.
f3 Nf6 22. Qb1 Rfd8 23. Nf1 Qd6 24. Qb2 b4 25. Ng3 a5 26. Qe2 Rc7 27. Qf1 Rdc8
28. Ne2 Qb6 29. Qf2 Ba6 30. Bxa6 Qxa6 31. Rxc7 Rxc7 32. Rc1 Qc8 33. Qe1 Rc2 34.
Qd1 Rc6 35. Kf2 Nd7 36. Rxc6 Qxc6 37. Qc1 Qb7 38. Qc2 g6 39. Nf4 Kg7 40. Nd3
Kg8 41. Ke2 Kg7 42. Kd2 Kf6 43. g3 Kg7 44. Nf2 Kg8 45. e4 Kg7 46. Qd3 Qc6 47.
Qc2 Qb7 48. Nd1 Nf6 49. Nf2 Nd7 50. Ke3 Kh7 51. Nd3 Kg7 52. Nc5 Qc6 53. Kd2
dxe4 54. Nxe4 Qd5 55. Qc4 Qh5 56. Qe2 1/2-1/2

[Event "Russian Championship B15 1st league 2016"]
[Site "Loo"]
[Date "2016.04.20"]
[Round "1.44"]
[White "Muratov, Maxim"]
[Black "Chursin, Aleksandr"]
[Result "0-1"]
[WhiteElo "1428"]
[BlackElo "1798"]
[PlyCount "54"]
[EventDate "2016.04.20"]

1. e4 c5 2. d4 cxd4 3. c3 dxc3 4. Nxc3 Nc6 5. Nf3 e6 6. Be2 Bb4 7. Qd3 Nge7 8.
a3 Bxc3+ 9. Qxc3 O-O 10. O-O d5 11. Rd1 Qc7 12. e5 Ng6 13. b4 Ngxe5 14. b5
Nxf3+ 15. Bxf3 Qe5 16. Bb2 Qxc3 17. Bxc3 Nb8 18. Rac1 Nd7 19. Bb4 Re8 20. Rc7
Nb6 21. Re1 Rd8 22. Re7 Bd7 23. Bh5 g6 24. Bg4 Nc8 25. Rxd7 Rxd7 26. Bf3 Nd6
27. a4 Nf5 0-1

[Event "Russian Championship B15 1st league 2016"]
[Site "Loo"]
[Date "2016.04.20"]
[Round "1.45"]
[White "Smirnov, Roman"]
[Black "Volodin, Andrey"]
[Result "1-0"]
[WhiteElo "1792"]
[BlackElo "1410"]
[PlyCount "91"]
[EventDate "2016.04.20"]

1. d4 d5 2. Nf3 Nf6 3. c4 c6 4. g3 g6 5. Bg2 Bg7 6. O-O O-O 7. Nc3 a6 8. Bf4 b5
9. cxd5 cxd5 10. Rc1 Bf5 11. Qd2 Nbd7 12. Bh6 Nb6 13. b3 b4 14. Nd1 a5 15. Bxg7
Kxg7 16. Ne5 Ne4 17. Qf4 Rc8 18. Rxc8 Qxc8 19. g4 Be6 20. Bxe4 dxe4 21. Qxe4 f6
22. Nd3 Bxg4 23. Qxe7+ Rf7 24. Qe4 Bf5 25. Qf3 Qc2 26. Ne3 Qxa2 27. Nxf5+ gxf5
28. Qg3+ Kh8 29. Qb8+ Kg7 30. Qxb6 Qxe2 31. Nf4 Qg4+ 32. Ng2 f4 33. Kh1 Qf3 34.
Qxa5 Kh6 35. Qf5 Rg7 36. Qxf4+ Qxf4 37. Nxf4 Rg4 38. Ne6 Kg6 39. Rg1 Rxg1+ 40.
Kxg1 Kf7 41. d5 Ke7 42. Kg2 Kd6 43. Nf4 Ke5 44. Kf3 f5 45. Ke3 h6 46. Kd3 1-0

[Event "Russian Championship B15 1st league 2016"]
[Site "Loo"]
[Date "2016.04.20"]
[Round "1.46"]
[White "Tsarkov, Mikhail"]
[Black "Sheletun, Yakov"]
[Result "0-1"]
[WhiteElo "1398"]
[BlackElo "1790"]
[PlyCount "80"]
[EventDate "2016.04.20"]

1. e4 e6 2. d4 d5 3. Nc3 dxe4 4. Nxe4 Nd7 5. Nf3 Ngf6 6. Nxf6+ Nxf6 7. Bg5 Be7
8. Bd3 O-O 9. O-O b6 10. Ne5 Bb7 11. Bb5 Qd5 12. Qf3 Qxd4 13. Nc6 Bxc6 14. Bxc6
Rad8 15. c3 Qc5 16. Be3 Qc4 17. Bd4 Nd5 18. Qg3 g6 19. Qe5 Nf6 20. Bf3 c5 21.
b3 Qa6 22. Be2 Qc8 23. Be3 Rd5 24. Qf4 Rf5 25. Qh4 Nd5 26. Qc4 Nxe3 27. fxe3
Rxf1+ 28. Rxf1 Bg5 29. e4 Rd8 30. Bd3 Qd7 31. Rf3 Qd6 32. Qa6 Qc7 33. Qc4 Qe5
34. g3 b5 35. Qxb5 Qxc3 36. Be2 Qa1+ 37. Kf2 Qh1 38. h4 Bd2 39. Rf6 Be1+ 40.
Ke3 Qg1+ 0-1

[Event "Russian Championship B15 1st league 2016"]
[Site "Loo"]
[Date "2016.04.20"]
[Round "1.47"]
[White "Petrov, Nikolay"]
[Black "Ovcharenko, Iliya"]
[Result "1-0"]
[WhiteElo "1788"]
[BlackElo "1393"]
[PlyCount "85"]
[EventDate "2016.04.20"]

1. e4 e5 2. Nf3 Nc6 3. Bc4 Bc5 4. c3 Nf6 5. d3 d6 6. h3 h6 7. Nbd2 Be6 8. Bb3
Qd7 9. Nf1 O-O-O 10. Bxe6 fxe6 11. b4 Bb6 12. a4 a6 13. b5 Nb8 14. a5 Bc5 15.
bxa6 Nxa6 16. Qb3 Rhe8 17. Rb1 Qc6 18. N1d2 g5 19. Nc4 Nd7 20. O-O Rg8 21. Re1
g4 22. hxg4 Rxg4 23. d4 exd4 24. cxd4 Bb4 25. Bd2 Bxd2 26. Ncxd2 Ndb8 27. d5
Qe8 28. Qxb7+ Kd7 29. e5 Nc5 30. Qb5+ Ke7 31. exd6+ cxd6 32. Qe2 Qg6 33. g3 Rg8
34. Nf1 h5 35. Ne3 Re4 36. Nd2 Rd4 37. dxe6 h4 38. g4 Nd3 39. Rb7+ Kf6 40. Rf7+
Kxe6 41. Nf5+ Ne5 42. Re7+ Kd5 43. Qb5# 1-0

[Event "Russian Championship B15 1st league 2016"]
[Site "Loo"]
[Date "2016.04.20"]
[Round "1.48"]
[White "Voronkov, Evgeny"]
[Black "Babunov, Alexander"]
[Result "1/2-1/2"]
[WhiteElo "1379"]
[BlackElo "1780"]
[PlyCount "97"]
[EventDate "2016.04.20"]

1. e4 c5 2. Nf3 e6 3. d4 cxd4 4. Nxd4 Nf6 5. f3 d6 6. Bc4 Nc6 7. Be3 Be7 8. Nc3
O-O 9. Qd2 a6 10. O-O-O Qc7 11. Bb3 b5 12. g4 Bb7 13. h4 Rac8 14. h5 Ne5 15. g5
Nfd7 16. g6 hxg6 17. hxg6 Nxg6 18. Nxe6 fxe6 19. Bxe6+ Rf7 20. Qh2 Ndf8 21.
Rdg1 Bh4 22. Bxf7+ Qxf7 23. f4 b4 24. f5 bxc3 25. fxg6 Nxg6 26. Rxg6 Qxg6 27.
Qxh4 cxb2+ 28. Kxb2 Qf6+ 29. Kb1 Qxh4 30. Rxh4 Rc4 31. Rg4 Rxe4 32. Rg3 Re7 33.
Bd4 Be4 34. Ra3 Rc7 35. Bc3 Rc6 36. Ra4 Rxc3 37. Rxe4 Rc6 38. Rb4 Kf7 39. Rf4+
Kg6 40. Rg4+ Kf6 41. Rf4+ Kg5 42. Rd4 Kf5 43. Kb2 g5 44. c3 g4 45. Rd1 Kf4 46.
Rf1+ Kg3 47. Rf6 Kg2 48. Rg6 g3 49. Kc2 1/2-1/2

[Event "Russian Championship B15 1st league 2016"]
[Site "Loo"]
[Date "2016.04.20"]
[Round "1.49"]
[White "Matchenya, Ivan"]
[Black "Pontis, Stanislav"]
[Result "1-0"]
[WhiteElo "1770"]
[BlackElo "1377"]
[PlyCount "67"]
[EventDate "2016.04.20"]

1. e4 c5 2. Nc3 Nc6 3. Bb5 Nd4 4. Bc4 e6 5. Nf3 Nxf3+ 6. Qxf3 Ne7 7. d3 Nc6 8.
Bf4 Nd4 9. Qd1 b6 10. Ne2 Nxe2 11. Qxe2 Be7 12. c3 d5 13. exd5 exd5 14. Bb3 Qd7
15. O-O O-O 16. d4 cxd4 17. cxd4 Qe6 18. Qb5 Bb7 19. Rfe1 Qf6 20. Be5 Qg5 21.
f4 Qh4 22. g3 Qh3 23. Bxg7 Bb4 24. Bxf8 Bxe1 25. Rxe1 Rxf8 26. Bxd5 Bxd5 27.
Qxd5 h6 28. Qe4 Rc8 29. f5 Rc7 30. f6 Rc8 31. d5 Qd7 32. Qf4 Qxd5 33. Qg4+ Qg5
34. Qxc8+ 1-0

[Event "Russian Championship B15 1st league 2016"]
[Site "Loo"]
[Date "2016.04.20"]
[Round "1.50"]
[White "Belov, Kirill"]
[Black "Martyntsev, Roman"]
[Result "0-1"]
[WhiteElo "1360"]
[BlackElo "1768"]
[PlyCount "66"]
[EventDate "2016.04.20"]

1. e4 Nf6 2. e5 Nd5 3. d4 d6 4. c4 Nb6 5. Nf3 g6 6. Be2 Bg7 7. exd6 cxd6 8. O-O
O-O 9. Nc3 Bg4 10. h3 Bxf3 11. Bxf3 Nc6 12. Qd3 Nxd4 13. Bxb7 Rb8 14. Ba6 Nc6
15. a3 Ne5 16. Qe2 Qc7 17. Nb5 Qxc4 18. Qxc4 Nbxc4 19. Nxa7 Rb6 20. Bxc4 Nxc4
21. Rb1 Ra8 22. b3 Rxa7 23. a4 Rab7 24. Bg5 h6 25. Rfc1 hxg5 26. Rxc4 Rxb3 27.
Rxb3 Rxb3 28. Rc8+ Kh7 29. Ra8 Be5 30. g3 Kg7 31. a5 Bd4 32. a6 Rb2 33. a7 Ra2
0-1

[Event "Russian Championship B15 1st league 2016"]
[Site "Loo"]
[Date "2016.04.20"]
[Round "1.51"]
[White "Korobov, Ivan"]
[Black "Riakhovskii, Mark"]
[Result "1-0"]
[WhiteElo "1767"]
[BlackElo "1360"]
[PlyCount "43"]
[EventDate "2016.04.20"]

1. d4 f5 2. Bg5 g6 3. Nc3 Bg7 4. h4 Nf6 5. Qd2 O-O 6. O-O-O a6 7. f3 b5 8. Bh6
d6 9. Nh3 Bb7 10. Bxg7 Kxg7 11. Nf4 Qd7 12. h5 b4 13. Nb1 a5 14. d5 c6 15. Ne6+
Kf7 16. hxg6+ hxg6 17. Nxf8 Kxf8 18. e4 fxe4 19. fxe4 c5 20. Rh8+ Kf7 21. Qh6
Na6 22. Rxa8 1-0

[Event "Russian Championship B15 1st league 2016"]
[Site "Loo"]
[Date "2016.04.20"]
[Round "1.52"]
[White "Medvedev, David"]
[Black "Arkhipenko, Denis"]
[Result "1/2-1/2"]
[WhiteElo "1350"]
[BlackElo "1757"]
[PlyCount "90"]
[EventDate "2016.04.20"]

1. d4 Nf6 2. Bg5 g6 3. Bxf6 exf6 4. Nf3 Bg7 5. e3 d5 6. Bd3 O-O 7. O-O b6 8.
Nbd2 c5 9. c4 Ba6 10. Qe2 Nc6 11. dxc5 bxc5 12. cxd5 Bxd3 13. Qxd3 Nb4 14. Qc4
Qxd5 15. Qxd5 Nxd5 16. Nc4 Nb6 17. Nfd2 f5 18. Rab1 Rfd8 19. h3 Rd7 20. Rfc1
Rad8 21. Kf1 Bh6 22. f4 Bf8 23. Ke2 Kg7 24. Rc3 f6 25. Rb3 g5 26. g3 h5 27. h4
Kh6 28. Rg1 Rd5 29. Ra3 R8d7 30. Rb3 Be7 31. Rc3 Bd8 32. b3 Bc7 33. Rb1 Re7 34.
Kf2 Red7 35. Ke2 Re7 36. Kf2 Rd8 37. Rg1 Rg7 38. Rcc1 Rgd7 39. Rc3 Rxd2+ 40.
Nxd2 Rxd2+ 41. Ke1 Rxa2 42. Rxc5 Ra1+ 43. Kf2 Rxg1 44. Kxg1 Bd8 45. Rxf5 g4
1/2-1/2